| 000 | 00334nam a2200121Ia 4500 | ||
|---|---|---|---|
| 008 | 190722s9999 xx 000 0 und d | ||
| 020 | _a978-81-317-2047--9 | ||
| 100 | _aJohn E. Hopcraft | ||
| 245 | 0 | _aIntroduction To Automata Theory Languages And Computation | |
| 260 |
_aIndia _bDorling Kindersley _c2013 |
||
| 300 | _a487 | ||
| 942 | _cBK | ||
| 999 |
_c667 _d667 |
||